Score 0/12 Timer 01:00
60 Plays Today
% Correct
Rat
94.9%
Tiger
93.8%
Rooster
93.7%
Horse
93.3%
Pig
93%
Monkey
92.4%
Dragon
92.4%
Rabbit
91%
Ox
89%
Snake
88.2%
Goat
80.1%
Dog
67.6%
Remove Ads.
Support Sporcle.
Get the best of Sporcle when you Go Orange. This ad-free experience offers more features, more stats, and more fun while also helping to support Sporcle. Thank you for becoming a member.

You're not logged in!

Compare scores with friends on all Sporcle quizzes.
OR
Log In

Show Comments

Extras

Top Quizzes Today


Score Distribution

Your Account Isn't Verified!

In order to create a playlist on Sporcle, you need to verify the email address you used during registration. Go to your Sporcle Settings to finish the process.

Report this User

Report this user for behavior that violates our Community Guidelines.

Details: